The heritage of Nalanda / (Record no. 51381)
[ view plain ]
| 000 -LEADER | |
|---|---|
| fixed length control field | 01361nam a2200241 a 4500 |
| 005 - DATE AND TIME OF LATEST TRANSACTION | |
| control field | 20110401160426.0 |
| 010 ## - LCCN (DPL NO) | |
| LC control number | B-425039-040 |
| 020 ## - INTERNATIONAL STANDARD BOOK NUMBER | |
| International Standard Book Number | 9788173053306 |
| Terms of availability | 3500.00 |
| 035 ## - SYSTEM CONTROL NUMBER | |
| System control number | B-425039-040 |
| 082 ## - DEWEY DECIMAL CLASSIFICATION NUMBER | |
| Classification number | 954.01 |
| 245 14 - TITLE STATEMENT | |
| Title | The heritage of Nalanda / |
| Statement of responsibility, etc | edited by C. Mani |
| 260 ## - PUBLICATION, DISTRIBUTION, ETC. (IMPRINT) | |
| Place of publication, distribution, etc | New Delhi |
| Name of publisher, distributor, etc | Aryan Books International : |
| -- | Asoka Mission, |
| Date of publication, distribution, etc | 2008 |
| 270 ## - ADDRESS | |
| Address | Pooja Apartment, 4B, Ansari Road, Darya Ganj |
| City | New Delhi |
| Postal code | 110002 |
| 300 ## - PHYSICAL DESCRIPTION | |
| Extent | xxxviii, 296 p. : |
| Other physical details | photos |
| Dimensions | 30 cm(Hb) |
| 504 ## - BIBLIOGRAPHY, ETC. NOTE | |
| Bibliography, etc | Includes bibliographical references and index |
| 520 ## - SUMMARY, ETC. | |
| Summary, etc | Papers presented at the International Conference on the Heritage of Nalanda held in 2006, at Nà„landà„, India. |
| 700 1# - ADDED ENTRY--PERSONAL NAME | |
| Personal name | Mani, C. |
| Fuller form of name | (Chandra), |
| 9 (RLIN) | 26973 |
| 710 2# - ADDED ENTRY--CORPORATE NAME | |
| Corporate name or jurisdiction name as entry element | Asoka Mission (India) |
| 9 (RLIN) | 26974 |
| 942 ## - ADDED ENTRY ELEMENTS (KOHA) | |
| Source of classification or shelving scheme | Dewey Decimal Classification |
| Item type | English Books |
| Call number suffix | HER |
| Classification part | 954.01 |
| Withdrawn status | Lost status | Not for loan | Collection code | Home library | Current library | Date acquired | Source of acquisition | Cost, normal purchase price | Full call number | Barcode | Copy number | Cost, replacement price | Koha item type |
|---|---|---|---|---|---|---|---|---|---|---|---|---|---|
| Not For Loan | Reference | Central Library | Central Library | 09/08/2011 | Researchco Book Centre/RBC-22386/2011-12/14.3.11/76/4.3.11/23.3.11 | 3500.00 | 954.01 HER | B-425039 | 1 | 3500.00 | English Books | ||
| Not For Loan | Reference | Sarojini Nagar | Sarojini Nagar | 09/08/2011 | Researchco Book Centre/RBC-22386/2011-12/14.3.11/76/4.3.11/23.3.11 | 3500.00 | 954.01 HER | B-425040 | 1 | 3500.00 | English Books |
